| 000 | 00783nam a22002177a 4500 | ||
|---|---|---|---|
| 003 | OSt | ||
| 005 | 20250815163015.0 | ||
| 008 | 250815b |||||||| |||| 00| 0 spa d | ||
| 020 | _a9789586699181 | ||
| 037 | _bDonación | ||
| 040 |
_aCO-JMCR _bspa _cCO-JMCR _dCO-JMCR _erda |
||
| 041 | 0 | _aspa | |
| 082 | 0 | 4 |
_a306.85 _bI24a _223 |
| 110 | 2 |
_aIglesia Católica. _bPapa _d(2013- : _gFrancisco) _944304 |
|
| 245 | 1 | 0 |
_aAmoris laetitia sobre el amor en la familia : _bexhortación apostólica postsinodal / _cdel Santo Padre Francisco. |
| 264 |
_aBogotá : _bLibrerías Paulinas : _bInstituto Misionero Hijas de San Pablo, _c2016. |
||
| 300 |
_a266 páginas ; _c23 cm. |
||
| 650 | 2 | 4 |
_aFamilia _x Aspectos religiosos _2JMCR _944305 |
| 650 | 2 | 4 |
_aMatrimonio _2JMCR _91584 |
| 942 |
_2ddc _cBK |
||
| 999 |
_c31071 _d17455 |
||